Ghost Stories From The Raj / (Record no. 13964)
[ view plain ]
| 000 -LEADER | |
|---|---|
| fixed length control field | 00665nam a2200253 a 4500 |
| 001 - CONTROL NUMBER | |
| JCCL Control Number | 13964 |
| 003 - CONTROL NUMBER IDENTIFIER | |
| JCCL marc code | BD-JhCC |
| 005 - DATE AND TIME OF LATEST TRANSACTION | |
| control field | 20240519110601.0 |
| 008 - FIXED-LENGTH DATA ELEMENTS--GENERAL INFORMATION | |
| fixed length control field | 240519b19942002ii |||| ||a| 000 0 eng d |
| 020 ## - INTERNATIONAL STANDARD BOOK NUMBER | |
| International Standard Book Number | 9780060516406 |
| 035 ## - SYSTEM CONTROL NUMBER | |
| system control number | (BD-JhCC)13964 |
| 040 ## - CATALOGING SOURCE | |
| Original cataloging agency | BD-JhCC |
| Modifying agency | BD-JhCC |
| 041 ## - LANGUAGE CODE | |
| Language code of Book | english |
| 082 ## - DEWEY DECIMAL CLASSIFICATION NUMBER | |
| Classification number | 338.7 |
| Author mark and Year | COL 2002 |
| 100 ## - MAIN ENTRY--PERSONAL NAME | |
| Personal name | Collins, Jim |
| 110 ## - MAIN ENTRY--CORPORATE NAME | |
| Relator code | Bond, Ruskin |
| 245 ## - TITLE STATEMENT | |
| Title | Ghost Stories From The Raj / |
| Statement of responsibility, etc | Jim Collins,Jerry I. Porras . |
| 260 ## - PUBLICATION, DISTRIBUTION, ETC. (IMPRINT) | |
| Place of publication, distribution, etc | India: |
| Name of publisher, distributor, etc | Collins; |
| Date of publication, distribution, etc | 2002. |
| 300 ## - PHYSICAL DESCRIPTION | |
| Pagination | 342 p. : |
| Dimensions | 20 cm. |
| 650 ## - SUBJECT ADDED ENTRY--TOPICAL TERM | |
| Topical term or geographic name as entry element | Business |
| Geographic subdivision | Investment and Economics |
| 700 ## - ADDED ENTRY--PERSONAL NAME | |
| Personal name | Porras,Jerry I. |
| 942 ## - ADDED ENTRY ELEMENTS (KOHA) | |
| Source of classification or shelving scheme | Dewey Decimal Classification |
| Koha item type | Books |
No items available.